000
00316nam a22001337a 4500
008
170717b xxu||||| |||| 00| 0 eng d
020
_a
0827603185
041
_a
eng
080
_a
2
100
_a
24
101
_a
TEO
245
_a
JPS THE AMERICANIZATION OF JEWISH CULTURE 1888-1988
_c
SARNA, J.D
942
_2
udc
_c
BK
999
_c
21405
_d
21405